Statystyki dla Kluby Championship w sezonie 2020/2021

Kliknij tutaj aby rozwiązać quiz!

Ogólne statystyki

  • Ten quiz został rozwiązany 51 razy
  • Średni wynik to 13 z 24

Statystyki odpowiedzi

HintOdpowiedź% Poprawnych
10Norwich
92%
3Derby
87%
20Swansea
71%
14Watford
71%
15Bournemouth
68%
8Cardiff
66%
1Birmingham
63%
12QPR
63%
5Barnsley
58%
2Blackburn
58%
17Luton
58%
22Brentford
55%
18Millwall
55%
24Sheffield Wednesday
55%
13Stoke
55%
16Huddersfield
53%
19Nottingham
50%
7Bristol City
42%
9Coventry
39%
4Middlesbrough
39%
6Reading
37%
21Wycombe
37%
11Preston
34%
23Rotherham
34%

Rozkład punktacji

Percentyl według liczby udzielonych odpowiedzi

Procent ludzi z każdym wynikiem

Twoja historia wyników

Nie rozwiązałeś tego quizu